<The> Innovative clusters in the EU: the sensitivity analysis of the spatial weight matrix construction

Matice priestorovej váhy. Váhy založené na vzdialenosti a na hraniciach. Ukazovatele priestorovej autokorelácie.

Salvato in:
Dettagli Bibliografici
Autore principale: Furková, Andrea, 1975-
Natura: Capitolo di libro
Lingua:inglese
Soggetti:
Tags: Aggiungi Tag
Nessun Tag, puoi essere il primo ad aggiungerne!!

MARC

LEADER 00000naa$a2200000$$$4500
001 0217255
005 20240502073618.6
041 0 |a eng 
044 |a SK 
245 1 0 |a <The> Innovative clusters in the EU: the sensitivity analysis of the spatial weight matrix construction  |c Andrea Furková 
520 |a Matice priestorovej váhy. Váhy založené na vzdialenosti a na hraniciach. Ukazovatele priestorovej autokorelácie. 
610 2 0 |a analýzy 
610 2 0 |a ekonomika priestorová 
610 2 0 |a výskum 
610 2 0 |a vývoj 
100 1 |a Furková, Andrea, 1975-